Authentic & charming top hotels (Record no. 9781)

000 -LEADER
fixed length control field 00291nam a2200121Ia 4500
008 - FIXED-LENGTH DATA ELEMENTS--GENERAL INFORMATION
fixed length control field 220112s9999||||xx |||||||||||||| ||und||
020 ## - INTERNATIONAL STANDARD BOOK NUMBER
International Standard Book Number 9788496936935
082 ## - DEWEY DECIMAL CLASSIFICATION NUMBER
Classification number 728.5
Item number KUN
100 ## - MAIN ENTRY--PERSONAL NAME
Personal name Kunz, Martin Nicholas
245 #0 - TITLE STATEMENT
Title Authentic & charming top hotels
260 ## - PUBLICATION, DISTRIBUTION, ETC. (IMPRINT)
Name of publisher, distributor, etc Loft
942 ## - ADDED ENTRY ELEMENTS (KOHA)
Source of classification or shelving scheme
Holdings
Withdrawn status Lost status Source of classification or shelving scheme Damaged status Koha normalized classification for sorting Not for loan Permanent location Current location Date acquired Source of acquisition Cost, normal purchase price Full call number Barcode Date last seen Cost, replacement price Price effective from Koha item type
        728_500000000000000_KUN   BMS College of Architecture, Design and Planning BMS College of Architecture, Design and Planning 2022-03-02 4 2409.75 728.5 KUN AR-UG2366 2022-03-02 3213.00 2022-03-02 UG Books
Copyright © 2025, The Librarian, Library and Information Centre, BMSCA D&P, Bengaluru. All Rights Reserved
web counter

Powered by Koha